Countries by Flag Emojis - North America Edition - Statistics

General Stats
  • This quiz has been taken 5 times
  • The average score is 12 of 16
Answer Stats
Emoji Country % Correct
๐Ÿ‡จ๐Ÿ‡ฆ Canada
100%
๐Ÿ‡ฏ๐Ÿ‡ฒ Jamaica
100%
๐Ÿ‡ฒ๐Ÿ‡ฝ Mexico
100%
๐Ÿ‡ฆ๐Ÿ‡ฌ Antigua and Barbuda
80%
๐Ÿ‡ง๐Ÿ‡ธ Bahamas
80%
๐Ÿ‡ญ๐Ÿ‡น Haiti
80%
๐Ÿ‡ญ๐Ÿ‡ณ Honduras
80%
๐Ÿ‡น๐Ÿ‡น Trinidad andTobago
80%
๐Ÿ‡บ๐Ÿ‡ธ USA
80%
๐Ÿ‡ง๐Ÿ‡ง Barbados
60%
๐Ÿ‡ง๐Ÿ‡ฟ Belize
60%
๐Ÿ‡จ๐Ÿ‡ท Costa Rica
60%
๐Ÿ‡ธ๐Ÿ‡ป El Salvador
60%
๐Ÿ‡ฌ๐Ÿ‡ฉ Grenada
60%
๐Ÿ‡ณ๐Ÿ‡ฎ Nicaragua
60%
๐Ÿ‡ต๐Ÿ‡ฆ Panama
60%
No matching quizzes found
Score Distribution
Percent of People with Each Score
Percentile by Number Answered
Your Score History
You have not taken this quiz